ბათუმის შოთა რუსთაველის სახელმწიფო უნივერსიტეტის ბიბლიოთეკა

ენათმეცნიერების შესავალი: ნაწ. 2 (ბიბ.ჩანაწერი № 52462)

000 -LEADER
fixed length control field 01180nam a2200253Ia 4500
001 - CONTROL NUMBER
control field 19485
003 - CONTROL NUMBER IDENTIFIER
control field GE_BSU
008 - FIXED-LENGTH DATA ELEMENTS--GENERAL INFORMATION
fixed length control field 181216s||||||||xx |||||||||||||| ||und||
040 ## - CATALOGING SOURCE
Transcribing agency GE_BSU
080 ## - UNIVERSAL DECIMAL CLASSIFICATION NUMBER
Universal Decimal Classification number 81'1(075.8)
100 ## - MAIN ENTRY--PERSONAL NAME
Personal name ბულახოვსკი, ლ.ა.
245 ## - TITLE STATEMENT
Title ენათმეცნიერების შესავალი: ნაწ. 2
245 ## - TITLE STATEMENT
Remainder of title სახელმძღვ. სახელმწ. უნ-ტებისა და პედ. ინ-ტებისათვი
245 ## - TITLE STATEMENT
Statement of responsibility, etc. რედ.: გ. ახვლედიანი
260 ## - PUBLICATION, DISTRIBUTION, ETC.
Place of publication, distribution, etc. თბილისი
260 ## - PUBLICATION, DISTRIBUTION, ETC.
Name of publisher, distributor, etc. სტალინის სახელობის თბილ.სახელმწ.უნ-ტი
260 ## - PUBLICATION, DISTRIBUTION, ETC.
Date of publication, distribution, etc. 1955
300 ## - PHYSICAL DESCRIPTION
Extent 207გვ;21სმ.
300 ## - PHYSICAL DESCRIPTION
Other physical details ბიბლიოგრ. შენიშვნებში
653 ## - INDEX TERM--UNCONTROLLED
Uncontrolled term ენათმეცნიერება
653 ## - INDEX TERM--UNCONTROLLED
Uncontrolled term ენათმეცნიერების შესავალი - სახელმძღვანელოები უმაღლესი სასწავლებლებისათვის;
942 ## - ADDED ENTRY ELEMENTS (KOHA)
Koha item type წიგნი
ეგზემპლარები
Withdrawn status Lost status Damaged status Not for loan Date acquired Barcode Date last seen Price effective from Koha item type
        2018-12-17 48512 2018-12-17 2018-12-17 წიგნი